Spacecraft dynamics and control : an introduction /

Bibliographic Details
Main Author: De Ruiter, Anton H. J.
Corporate Author: ebrary, Inc
Other Authors: Damaren, Christopher, Forbes, James R.
Format: eBook
Language:English
Published: Chichester : Wiley, 2013.
Subjects:
Online Access:Connect to the full text of this electronic book

MARC

Tag First Indicator Second Indicator Subfields
LEADER 00000cam a22000001a 4500
001 in00002851981
006 m||||||||d||||||||
007 cr |n|||||||||
008 130224s2013 enk ob 001 0 eng d
005 20250816203907.1
020 |a 1118403320 (electronic bk.) 
020 |a 9781118403327 (electronic bk.) 
020 |z 9781118342367 (hbk.) 
020 |z 1118342364 (hbk.) 
035 |a (NhCcYBP)ebr10657971 
035 |a (OCoLC)ocn827947079 
040 |a NhCcYBP  |c NhCcYBP  |d UtOrBLW 
050 4 |a TL3260  |b .D33 2013eb 
082 0 4 |a 629.41  |2 23 
100 1 |a De Ruiter, Anton H. J. 
245 1 0 |a Spacecraft dynamics and control :  |b an introduction /  |c Anton H.J. de Ruiter, Christopher J. Damaren, James R. Forbes. 
264 1 |a Chichester :  |b Wiley,  |c 2013. 
300 |a 1 online resource (xviii, 569 pages) 
336 |a text  |b txt  |2 rdacontent 
337 |a computer  |b c  |2 rdamedia 
338 |a online resource  |b cr  |2 rdacarrier 
504 |a Includes bibliographical references and index. 
588 |a Description based on print version record. 
500 |a Electronic resource. 
650 0 |a Space vehicles  |x Dynamics. 
650 0 |a Space vehicles  |x Control systems. 
655 7 |a Electronic books.  |2 local 
700 1 |a Damaren, Christopher. 
700 1 |a Forbes, James R. 
710 2 |a ebrary, Inc. 
776 1 8 |c Original  |z 9781118342367  |z 1118342364 
856 4 1 |u https://ebookcentral.proquest.com/lib/tamucs/detail.action?docID=1120857  |y Connect to the full text of this electronic book  |t 0 
948 |a cataloged  |b h  |c 2014/2/20  |d c  |e jlanham  |f 12:21:52 pm 
999 f f |s 24675f19-d7f2-3d74-87a6-b79f9d8eedb8  |i 0afac42a-9eca-33d4-be16-be3297d56157  |t 0 
999 |a MARS 
952 f f |a Texas A&M University  |b College Station  |c Electronic Resources  |d Available Online  |t 0  |e TL3260 .D33 2013eb  |h Library of Congress classification 
998 f f |a TL3260 .D33 2013eb  |t 0  |l Available Online